000 00693nam a2200241Ia 4500
003 OSt
005 20220918202107.0
006 a|||||r|||| 00| 0
007 ta
008 220917b |||||||| |||| 00| 0 eng d
024 _a98,726
037 _cTextual
040 _aARTS
_cARTS
_beng
041 _2eng
_aeng
082 _aV2:19.58aN77-N47, L8-;1
100 _aAttar Chand
245 0 _aBibliography of Indo Soviet relations 1947-77
_b book of readings with selected abstract
260 _aNew Delhi
_bSterling
_c1978
300 _a152p.
_ccm.
650 _aHISTORY
942 _hV2:19.58aN77-N47, L8-;1
_cTEXL
_2CC
999 _c222312
_d222312